|
|
|
|
| LEADER |
00000caa a2200000 c 4500 |
| 001 |
137704307X |
| 003 |
DE-627 |
| 005 |
20240630172746.0 |
| 007 |
tu |
| 008 |
090528s2009 xx ||||| 00| ||ger c |
| 020 |
|
|
|a 9783832942830
|
| 035 |
|
|
|a (DE-627)137704307X
|
| 035 |
|
|
|a (DE-576)30704307X
|
| 035 |
|
|
|a (DE-599)BSZ30704307X
|
| 040 |
|
|
|a DE-627
|b ger
|c DE-627
|e rakwb
|
| 041 |
|
|
|a ger
|
| 100 |
1 |
|
|a Ahlbrecht, Heiko
|d 1971-
|0 (DE-588)121037282
|0 (DE-627)570556287
|0 (DE-576)179479997
|4 aut
|
| 109 |
|
|
|a Ahlbrecht, Heiko 1971-
|
| 245 |
1 |
0 |
|a EU-Rahmenbeschluss zu Abwesenheitsverurteilungen
|b ein fatales Fanal
|c Heiko Ahlbrecht
|
| 264 |
|
1 |
|c 2009
|
| 336 |
|
|
|a Text
|b txt
|2 rdacontent
|
| 337 |
|
|
|a ohne Hilfsmittel zu benutzen
|b n
|2 rdamedia
|
| 338 |
|
|
|a Band
|b nc
|2 rdacarrier
|
| 689 |
0 |
0 |
|d b
|0 (DE-588)5098525-5
|0 (DE-627)132918269
|0 (DE-576)194702391
|a Europäische Union
|2 gnd
|
| 689 |
0 |
1 |
|d s
|0 (DE-588)4170174-4
|0 (DE-627)104500085
|0 (DE-576)209928123
|a Mitgliedsstaaten
|2 gnd
|
| 689 |
0 |
2 |
|d s
|0 (DE-588)4322694-2
|0 (DE-627)12810094X
|0 (DE-576)211238899
|a Abwesenheitsverfahren
|2 gnd
|
| 689 |
0 |
3 |
|d s
|0 (DE-588)4077939-7
|0 (DE-627)106078984
|0 (DE-576)209206659
|a Strafurteil
|2 gnd
|
| 689 |
0 |
4 |
|d s
|0 (DE-588)4469816-1
|0 (DE-627)23460154X
|0 (DE-576)212763296
|a Vollstreckungshilfe
|2 gnd
|
| 689 |
0 |
|
|5 (DE-627)
|
| 773 |
0 |
8 |
|i In
|t Strafverteidigung im Rechtsstaat
|b 1. Aufl.
|d Baden-Baden : Nomos, 2009
|g (2009), Seite 1055-1069
|h 1104 S.
|w (DE-627)595976808
|w (DE-576)30591605X
|z 3832942831
|z 9783832942830
|7 nnam
|
| 773 |
1 |
8 |
|g year:2009
|g pages:1055-1069
|
| 889 |
|
|
|w (DE-627)740906429
|
| 935 |
|
|
|i mdedup
|
| 951 |
|
|
|a AR
|
| ELC |
|
|
|b 1
|
| LOK |
|
|
|0 000 xxxxxcx a22 zn 4500
|
| LOK |
|
|
|0 001 2602999253
|
| LOK |
|
|
|0 003 DE-627
|
| LOK |
|
|
|0 004 137704307X
|
| LOK |
|
|
|0 005 20260119124227
|
| LOK |
|
|
|0 008 090617||||||||||||||||ger|||||||
|
| LOK |
|
|
|0 040
|a DE-21-110
|c DE-627
|d DE-21-110
|
| LOK |
|
|
|0 689
|a s
|a EU-Rahmenbeschluss
|
| LOK |
|
|
|0 689
|a s
|a Verurteilung
|
| LOK |
|
|
|0 689
|a s
|a Abwesenheit
|
| LOK |
|
|
|0 852
|a DE-21-110
|
| LOK |
|
|
|0 852 1
|m p
|9 00
|
| LOK |
|
|
|0 935
|a tre2
|
| LOK |
|
|
|0 938
|k p
|
| LOK |
|
|
|0 939
|a 17-06-09
|b l01
|
| ORI |
|
|
|a SA-MARC-krimdoka001.raw
|
| TIM |
|
|
|a 100019931101_100020261231
|b 1993-11-01 - 2026
|